000 00243nam a2200097Ia 4500
001 1207617
005 20250827022829.0
008 250824s9999 xx 000 0 und d
245 0 _aDİJİTAL TAPINAK
_cHALUK ÖZDİL
260 _bDESTEK YAYINLARI
999 _c1207617
_d1207617